000 01470nam a2200313 a 4500
001 ebr10379891
003 CaPaEBR
006 m u
007 cr cn|||||||||
008 100517s2010 dcu sb 100 0 eng d
020 _z9780309151061
020 _z0309151066
040 _aCaPaEBR
_cCaPaEBR
035 _a(OCoLC)651927118
043 _an-us---
050 1 4 _aHV551.3
_b.P75 2010eb
245 0 0 _aPrivate-public sector collaboration to enhance community disaster resilience
_h[electronic resource] :
_ba workshop report /
_cCommittee on Private-Public Sector Collaboration to Enhance Community Disaster Resilience.
260 _aWashington, D.C. :
_bNational Academies Press,
_c2010.
300 _axii, 74 p.
504 _aIncludes bibliographical references (p. 63-64).
533 _aElectronic reproduction.
_bPalo Alto, Calif. :
_cebrary,
_d2010.
_nAvailable via World Wide Web.
_nAccess may be limited to ebrary affiliated libraries.
650 0 _aPublic-private sector cooperation
_zUnited States.
650 0 _aEmergency management
_zUnited States.
650 0 _aHazard mitigation
_zUnited States.
655 7 _aElectronic books.
_2local
710 2 _aNational Research Council (U.S.).
_bCommittee on Private-Public Sector Collaboration to Enhance Community Disaster Resilience.
710 2 _aebrary, Inc.
856 4 0 _uhttp://site.ebrary.com/lib/rucke/Doc?id=10379891
_zAn electronic book accessible through the World Wide Web; click to view
999 _c101602
_d101602